word start F [250 common english word] - Statistics

General Stats
  • This quiz has been taken 13 times
  • The average score is 6 of 13
Answer Stats
lp Answer % Correct
3 for
100%
5 from
85%
2 far
77%
9 find
62%
1 few
54%
10 found
54%
7 first
46%
4 form
38%
6 farm
31%
11 father
31%
12 food
31%
8 follow
15%
13 flower
8%
No matching quizzes found
Score Distribution
Percent of People with Each Score
Percentile by Number Answered
Your Score History
You have not taken this quiz